000 00419nam a22001097a 4500
008 120830t ag ||||| |||| 00| 0 spa d
100 _aReynaldo Perrone; Martine Nannini
_91806
245 _aViolencia y abusos sexuales en la familia. Un abordaje sistémico y comunicacional
260 _aBuenos Aires
_bPaidos
_c1998
500 _aFotocopia
999 _c1099
_d1099
952 _zFotocopia
_70
_pTR165
_40
_00
_2ddc
_92937
_bBFM
_yBK
_10
_d2012-08-30
_aBFM
_tCopia